[Event "57th World Juniors 2018"]
[Site "Manavgat TUR"]
[Date "2018.09.13"]
[Round "9.61"]
[White "Petkov, Momchil"]
[Black "Sevgi, Volkan"]
[Result "1-0"]
[WhiteTitle "FM"]
[BlackTitle "FM"]
[WhiteElo "2163"]
[BlackElo "2323"]
[WhiteFideId "2921642"]
[BlackFideId "6325335"]
[EventDate "2018.09.05"]

1. d4 d5 2. Bf4 Nf6 3. e3 e6 4. Nd2 c5 5. c3 Bd6 6. Bg3 Qc7 7. Bxd6 Qxd6 8. f4
Qb6 9. Rb1 Bd7 10. Bd3 Bb5 11. Bc2 a5 12. h3 Nc6 13. Ngf3 h6 14. Nb3 Nd7 15. Kf2
a4 16. Nc1 Qc7 17. Nd3 Bxd3 18. Bxd3 c4 19. Bc2 b5 20. a3 O-O-O 21. Qd2 Nf6 22.
Ne5 Nxe5 23. fxe5 Ne8 24. Rhf1 f6 25. exf6 gxf6 26. e4 dxe4 27. Bxe4 f5 28. Bc2
Nf6 29. Rbe1 Qd6 30. Kg1 Kc7 31. Qe3 Rde8 32. Qf3 Nd7 33. Re2 Rhg8 34. Rfe1 Rg3
35. Qf2 f4 36. Be4 Kb8 37. Bf3 Re7 38. Kh1 Rg6 39. Qh4 Kc7 40. Qh5 Rg3 41. Qxb5
Nb6 42. Re5 Kb8 43. Bc6 Qc7 44. Rxe6 Rxe6 45. Rxe6 Re3 46. Qf5 Ka7 47. Rxe3 fxe3
48. Bf3 Qd6 49. Qe4 Ka6 50. Qxe3 Qg6 51. Be4 Qf6 52. Kg1 Qh4 53. d5 Qe7 54. Qd4
Qd6 55. Bf3 Kb5 56. Qe3 Nd7 57. Qe6 Kc5 58. Qe3+ Kb5 59. Qe6 Kc5 60. Qxd6+ Kxd6
61. Kf2 Ke5 62. Ke3 Nc5 63. g4 Kd6 64. h4 Ke5 65. g5 hxg5 66. hxg5 Nb7 67. g6
Nd6 68. Bg4 Ne8 69. d6 Kxd6 70. Kd4 Nf6 71. Bf3 Nd7 72. g7 1-0

[Event "57th World Juniors 2018"]
[Site "Manavgat TUR"]
[Date "2018.09.13"]
[Round "9.64"]
[White "Akdogan, Alperen"]
[Black "Ongut, Tamas Gunes"]
[Result "0-1"]
[WhiteTitle "FM"]
[BlackTitle "FM"]
[WhiteElo "2278"]
[BlackElo "2121"]
[WhiteFideId "6347363"]
[BlackFideId "770280"]
[EventDate "2018.09.05"]

1. d4 Nf6 2. c4 e6 3. Nf3 c5 4. d5 exd5 5. cxd5 d6 6. Nc3 g6 7. Bf4 Bg7 8. Qa4+
Bd7 9. Qb3 b5 10. Bxd6 Qb6 11. Be5 O-O 12. e3 c4 13. Qd1 b4 14. Ne2 Rc8 15. Nf4
c3 16. Bd3 Qa5 17. O-O Nxd5 18. Be4 Nxf4 19. Bxg7 Bc6 20. exf4 Bxe4 21. Qd4 Qd5
22. bxc3 Qxd4 23. Bxd4 bxc3 24. Ne5 c2 25. Ng4 Nd7 26. Rac1 Rc4 27. Be3 h5 28.
Ne5 Nxe5 29. fxe5 Ra4 30. f3 Bd3 31. Rf2 Rxa2 32. Rd2 Ra3 33. Bg5 Rc8 34. Kf2
Rb3 35. Ke1 Rc5 36. Bf4 g5 37. Be3 Rxe5 38. Kf2 a5 39. Bd4 Rd5 40. Bf6 Rf5 41.
Ba1 Rc5 42. g4 Rb1 43. Rxd3 f6 44. Bb2 Rxb2 45. Ke2 h4 46. Kd2 Kf7 47. Rd8 Rb1
48. Rxc2 Rxc2+ 49. Kxc2 Rf1 50. Rd3 Rf2+ 51. Kc3 Rxh2 52. Kd4 Rg2 53. Rd1 h3 54.
Rh1 h2 55. Ke3 Rb2 56. f4 f5 57. fxg5 fxg4 58. Kf4 a4 59. Kf5 g3 60. Rc1 Rb5+ 0-1

[Event "57th World Juniors 2018"]
[Site "Manavgat TUR"]
[Date "2018.09.13"]
[Round "9.65"]
[White "Erdogan, Anil Berk"]
[Black "Vanczak, Tamas"]
[Result "1-0"]
[WhiteTitle "CM"]
[BlackTitle "FM"]
[WhiteElo "2083"]
[BlackElo "2276"]
[WhiteFideId "6348173"]
[BlackFideId "759929"]
[EventDate "2018.09.05"]

1. e4 e5 2. Nf3 Nc6 3. Bb5 a6 4. Ba4 Nf6 5. Bxc6 dxc6 6. d3 Nd7 7. Nbd2 g6 8. b3
Bg7 9. Bb2 Qe7 10. Qe2 b6 11. d4 Bb7 12. dxe5 Nxe5 13. Nxe5 Bxe5 14. Bxe5 Qxe5
15. O-O O-O-O 16. Nc4 Qf4 17. Qe3 Qxe3 18. fxe3 c5 19. Ne5 Rhe8 20. Nxf7 Rd2 21.
Ng5 h6 22. Nf3 Rxc2 23. e5 Bxf3 24. gxf3 Rxe5 25. Rf2 Rc3 26. e4 c4 27. bxc4
Rxc4 28. Rd1 Rc3 29. Kg2 a5 30. h4 a4 31. Rd4 b5 32. f4 Re7 33. h5 gxh5 34. f5
Rc5 35. Kf3 Rce5 36. Re2 Rd7 37. Red2 Rg7 38. Rd5 Rxd5 39. Rxd5 c6 40. Rd2 Rd7
41. Rg2 b4 42. Kf4 b3 43. f6 Rd1 44. Ke5 Rf1 45. axb3 axb3 46. Ke6 c5 47. f7 c4
48. Rg1 Rf4 49. Rc1 Kd8 50. Rxc4 h4 51. Rb4 1-0

[Event "57th World Juniors 2018"]
[Site "Manavgat TUR"]
[Date "2018.09.13"]
[Round "9.66"]
[White "Ozgur, Tibet Kagan"]
[Black "Kilic, Efe Mert"]
[Result "0-1"]
[BlackTitle "FM"]
[WhiteElo "2056"]
[BlackElo "2269"]
[WhiteFideId "6322832"]
[BlackFideId "6354327"]
[EventDate "2018.09.05"]

1. Nf3 Nf6 2. c4 c6 3. d4 d5 4. Nbd2 g6 5. e3 Bg7 6. Bd3 O-O 7. O-O Nbd7 8. Re1
Qc7 9. e4 dxe4 10. Nxe4 Nxe4 11. Rxe4 e5 12. Nxe5 Nxe5 13. dxe5 Bf5 14. Re3 Rad8
15. Qe2 Bxd3 16. Rxd3 Rxd3 17. Qxd3 Rd8 18. Qf1 Bxe5 19. g3 Bd4 20. Qe2 Qb6 21.
Bg5 Ra8 22. Bh6 c5 23. Re1 Qc6 24. b3 Bc3 25. Bd2 Bg7 26. Bg5 h6 27. Bf4 Rd8 28.
Qe7 Bf6 29. Qe4 Qxe4 30. Rxe4 Kg7 31. Re1 g5 32. Be3 b6 33. Kf1 Bc3 34. Rc1 Be5
35. Ke2 f5 36. Bd2 Re8 37. Kf1 Rd8 38. Ke2 Bd4 39. Re1 Kf6 40. Bc1 a6 41. Be3
Bxe3 42. Kxe3 Re8+ 43. Kd2 Rxe1 44. Kxe1 Ke5 45. h3 h5 46. Ke2 Kd4 47. Kd2 Ke4
48. Ke2 f4 49. f3+ Kd4 50. gxf4 gxf4 51. Kd2 a5 52. a3 a4 53. bxa4 Kxc4 54. Kc2
h4 55. a5 bxa5 56. a4 Kd4 57. Kd2 c4 58. Kc2 c3 59. Kc1 Kc4 60. Kc2 Kb4 61. Kc1
Kxa4 62. Kc2 Kb4 63. Kc1 Kb3 64. Kb1 c2+ 65. Kc1 a4 0-1

[Event "57th World Juniors 2018"]
[Site "Manavgat TUR"]
[Date "2018.09.13"]
[Round "9.67"]
[White "Noboa, Kevin"]
[Black "Caglar, Ahmet Ata"]
[Result "1-0"]
[WhiteTitle "FM"]
[WhiteElo "2256"]
[BlackElo "2071"]
[WhiteFideId "3618471"]
[BlackFideId "6328636"]
[EventDate "2018.09.05"]

1. e4 c5 2. Nf3 Nc6 3. c3 g6 4. d4 cxd4 5. cxd4 Bg7 6. Nc3 d6 7. Be2 Nf6 8. O-O
d5 9. e5 Ne4 10. Be3 Nxc3 11. bxc3 O-O 12. c4 dxc4 13. Bxc4 Bg4 14. Be2 Nb4 15.
Qb3 Nd5 16. Rac1 Rc8 17. Rxc8 Bxc8 18. Bc4 Nb6 19. d5 Nxc4 20. Qxc4 b6 21. Rd1
Bb7 22. Bf4 Qd7 23. Qb3 Qf5 24. Bg3 Rd8 25. h3 Qe4 26. d6 exd6 27. exd6 Qe6 28.
Qa4 Bxf3 29. gxf3 Rd7 30. Rc1 Bf8 31. Rc7 Rd8 32. Qh4 Rxd6 33. Bxd6 Bxd6 34.
Rxa7 Bc5 35. Kg2 Kg7 36. Qe4 Qf6 37. f4 Bd6 38. Ra4 h5 39. Rc4 Bc5 40. Qe5 1-0

[Event "57th World Juniors 2018"]
[Site "Manavgat TUR"]
[Date "2018.09.13"]
[Round "9.68"]
[White "Daghan, Devran"]
[Black "Nalbant, Tuna Onat"]
[Result "1-0"]
[BlackTitle "FM"]
[WhiteElo "2004"]
[BlackElo "2241"]
[WhiteFideId "6371930"]
[BlackFideId "6372821"]
[EventDate "2018.09.05"]

1. e4 c5 2. Nc3 d6 3. g3 Nc6 4. Bg2 g6 5. d3 Bg7 6. Be3 e6 7. Qd2 Rb8 8. Nh3 b5
9. O-O Nge7 10. Rae1 O-O 11. Bh6 Nd4 12. Bxg7 Kxg7 13. Nd1 e5 14. f4 b4 15. c3
bxc3 16. bxc3 Ndc6 17. Ne3 f6 18. g4 Bd7 19. g5 fxg5 20. fxg5 Be6 21. Rxf8 Qxf8
22. Rf1 Qc8 23. Qf2 Ng8 24. Qh4 Nce7 25. Nf2 Nc6 26. Nfg4 Rb7 27. Nh6 Nxh6 28.
Qxh6+ Kg8 29. Nd5 Qd8 30. Nf6+ Kh8 31. Bh3 Bxh3 32. Nxh7 Bxf1 33. Nf6+ 1-0

[Event "57th World Juniors 2018"]
[Site "Manavgat TUR"]
[Date "2018.09.13"]
[Round "9.69"]
[White "Akin, Kadir"]
[Black "Karaoglan, Doruk"]
[Result "1/2-1/2"]
[WhiteElo "1974"]
[BlackElo "2196"]
[WhiteFideId "6348874"]
[BlackFideId "6390927"]
[EventDate "2018.09.05"]

1. e4 c5 2. c3 Nf6 3. e5 Nd5 4. d4 cxd4 5. cxd4 e6 6. Nf3 b6 7. Bc4 Bb7 8. Bxd5
Bxd5 9. Nc3 Bb4 10. O-O Bxc3 11. bxc3 O-O 12. Ba3 Re8 13. Qd3 Bxf3 14. Qxf3 Nc6
15. Rfe1 Na5 16. Rad1 Nc4 17. Bc1 d6 18. Qg4 f5 19. exf6 Qxf6 20. Rd3 Qf5 21.
Qe2 Rac8 22. Rf3 Qd5 23. Rf4 Na5 24. Qc2 Qc4 25. Rh4 g6 26. Re3 Qd5 27. Qe2 Nc4
28. Rg3 Qf5 29. Rd3 Qd5 30. Rg3 Qf5 31. Rd3 1/2-1/2

[Event "57th World Juniors 2018"]
[Site "Manavgat TUR"]
[Date "2018.09.13"]
[Round "9.70"]
[White "Cirovic, Miroljub"]
[Black "Aydincelebi, Kagan"]
[Result "1/2-1/2"]
[BlackTitle "FM"]
[WhiteElo "2181"]
[BlackElo "2060"]
[WhiteFideId "16502868"]
[BlackFideId "6361102"]
[EventDate "2018.09.05"]

1. d4 d5 2. c4 dxc4 3. Nf3 Nf6 4. Nc3 a6 5. e4 b5 6. e5 Nd5 7. a4 e6 8. axb5 Nb6
9. bxa6 Rxa6 10. Rxa6 Nxa6 11. Bg5 Qd7 12. Be2 h6 13. Be3 Be7 14. O-O Bb7 15. b3
cxb3 16. Qxb3 Nb4 17. Bb5 Bc6 18. Bxc6 Qxc6 19. Rc1 O-O 20. Qb1 Qd7 21. Qe4 N6d5
22. Qg4 Nxc3 23. Rxc3 Kh7 24. Qe4+ Kh8 25. h4 Nd5 26. Rb3 Qa4 27. Qb1 c5 28.
dxc5 Nxe3 29. Rxe3 Bxc5 30. Qe4 Qxe4 31. Rxe4 1/2-1/2

[Event "57th World Juniors 2018"]
[Site "Manavgat TUR"]
[Date "2018.09.13"]
[Round "9.71"]
[White "Kwon, Sehyun"]
[Black "Dedebas, Emre Emin"]
[Result "0-1"]
[WhiteTitle "CM"]
[BlackTitle "FM"]
[WhiteElo "2129"]
[BlackElo "2334"]
[WhiteFideId "13203088"]
[BlackFideId "6349005"]
[EventDate "2018.09.05"]

1. e4 e5 2. Nf3 Nc6 3. Bc4 Bc5 4. d3 Nf6 5. O-O d6 6. c3 h6 7. Re1 O-O 8. Nbd2
a5 9. Nf1 Be6 10. Bb5 Ne7 11. d4 exd4 12. cxd4 Bb4 13. Re2 a4 14. Bd3 a3 15. b3
Bc3 16. Rb1 Bg4 17. Bc2 Nc6 18. Be3 Nb4 19. Bd2 Bxd2 20. Qxd2 c5 21. Bd3 Nc6 22.
d5 Bxf3 23. gxf3 Nd4 24. Re3 Nh5 25. Ng3 Nf4 26. Kh1 Re8 27. Rg1 Re5 28. Ree1
Qh4 29. Nf5 Rxf5 30. Rg4 Nxf3 31. Rxh4 Nxd2 32. exf5 Nxd3 33. Ra4 Rxa4 34. Re8+
Kh7 35. bxa4 c4 36. Re3 Nb1 37. Re2 c3 0-1

[Event "57th World Juniors 2018"]
[Site "Manavgat TUR"]
[Date "2018.09.13"]
[Round "9.73"]
[White "De Block, Yordi"]
[Black "Taalaibekov, Tagir"]
[Result "0-1"]
[WhiteElo "2118"]
[BlackElo "2291"]
[WhiteFideId "214175"]
[BlackFideId "13801163"]
[EventDate "2018.09.05"]

1. d4 e6 2. c4 f5 3. Nf3 Nf6 4. g3 d5 5. Bg2 c6 6. O-O Bd6 7. b3 O-O 8. Bb2 Bd7
9. Ne5 a5 10. Nc3 Be8 11. Qd3 Ne4 12. cxd5 exd5 13. Nxe4 fxe4 14. Qd2 Nd7 15. f3
exf3 16. Rxf3 Nxe5 17. dxe5 Bc5+ 18. Bd4 Bxd4+ 19. Qxd4 Bh5 20. Rxf8+ Qxf8 21.
Rf1 Qb4 22. Qe3 Re8 23. e6 Bg4 24. Rf4 Qe1+ 25. Bf1 Bxe6 26. Qb6 g5 27. Rf2 Qb4
28. Qc7 Qd4 29. Qd6 Bf7 30. Qd7 Bg6 31. Bh3 Qe3 32. Qd6 Qe7 33. Qxe7 Rxe7 34.
Kf1 Kg7 35. Ke1 Bb1 36. a3 Re3 37. Rf3 Rxf3 38. exf3 Ba2 39. b4 axb4 40. axb4 b6
41. Kd2 Kf6 42. Ke3 c5 43. bxc5 bxc5 44. Bd7 Bb1 45. Bb5 d4+ 46. Kd2 Ke5 47. Bc4
Bf5 48. Be2 Be6 49. Bd3 h6 50. h4 c4 51. hxg5 hxg5 52. Bc2 c3+ 53. Kc1 Bd5 0-1

[Event "57th World Juniors 2018"]
[Site "Manavgat TUR"]
[Date "2018.09.13"]
[Round "9.75"]
[White "Dionizio, Andre Filipe Nasciment"]
[Black "Tuna, Alp"]
[Result "0-1"]
[BlackTitle "FM"]
[WhiteElo "2010"]
[BlackElo "2253"]
[WhiteFideId "1920294"]
[BlackFideId "6372910"]
[EventDate "2018.09.05"]

1. e4 c6 2. d3 d5 3. Nd2 e5 4. Ngf3 Bd6 5. d4 exd4 6. exd5 cxd5 7. Nxd4 Nc6 8.
N2f3 Nf6 9. Be2 O-O 10. O-O Re8 11. Bg5 h6 12. Bh4 g5 13. Bg3 Ne4 14. c4 Nxg3
15. hxg3 Nxd4 16. Nxd4 Be5 17. Nf3 Bxb2 18. Rb1 Bg7 19. cxd5 Qd6 20. Bc4 b6 21.
Qd3 Bd7 22. Nd2 Qe5 23. Rfe1 Qxe1+ 24. Rxe1 Rxe1+ 25. Kh2 Rae8 26. Qa3 b5 27.
Bd3 Rd1 28. Ne4 g4 29. Bc2 Rxd5 30. Qxa7 Bf5 31. f3 Bxe4 32. Bxe4 Bd4 33. Bh7+
Kg7 0-1

[Event "57th World Juniors 2018"]
[Site "Manavgat TUR"]
[Date "2018.09.13"]
[Round "9.78"]
[White "Lin, Peisen"]
[Black "Cansun, Can Alp"]
[Result "0-1"]
[WhiteElo "2034"]
[BlackElo "2110"]
[WhiteFideId "8611505"]
[BlackFideId "6390188"]
[EventDate "2018.09.05"]

1. e4 c5 2. Nf3 e6 3. d4 cxd4 4. Nxd4 Nc6 5. Nc3 Qc7 6. Be3 a6 7. Qf3 Nf6 8.
O-O-O Ne5 9. Qg3 b5 10. f4 Neg4 11. e5 Nxe3 12. Qxe3 b4 13. Ne4 Nxe4 14. Qxe4
Bb7 15. Qd3 Be7 16. Qg3 g6 17. Bd3 Qb6 18. Nb3 a5 19. Nd2 a4 20. Nc4 Qc5 21. Kb1
a3 22. b3 Bd5 23. Rhe1 Rc8 24. Bf1 O-O 25. h4 d6 26. exd6 Bxd6 27. Rd2 Be7 28.
Red1 Rfd8 29. Qe3 Bxh4 30. Qxc5 Rxc5 31. Ne3 Bg3 32. Rd4 Bf2 33. R4d3 Bxe3 34.
Rxe3 Rdc8 35. Rd2 Rc3 36. Bd3 Bb7 37. g3 Rd8 38. Kc1 Kf8 39. Kd1 Ke7 40. Ke2 h5
41. Re5 Rd5 42. Rxd5 Bxd5 43. Ke3 Kd6 44. Kd4 Rc8 45. Re2 Rh8 46. Rh2 Re8 47.
Re2 g5 48. Rh2 h4 49. gxh4 gxf4 50. Be4 e5+ 51. Kd3 Bxe4+ 52. Kxe4 Ke6 53. h5
f5+ 54. Kf3 Rc8 0-1

[Event "57th World Juniors 2018"]
[Site "Manavgat TUR"]
[Date "2018.09.13"]
[Round "9.79"]
[White "Beukema, Christiaan"]
[Black "Ozturk, Efe Hakan"]
[Result "0-1"]
[BlackTitle "CM"]
[WhiteElo "1904"]
[BlackElo "2065"]
[WhiteFideId "1032976"]
[BlackFideId "34550216"]
[EventDate "2018.09.05"]

1. d4 Nf6 2. Nf3 d5 3. Bf4 e6 4. e3 Bd6 5. Ne5 O-O 6. Bd3 c5 7. c3 Qc7 8. g4
Nfd7 9. g5 Nxe5 10. dxe5 Bxe5 11. Bxh7+ Kxh7 12. Qh5+ Kg8 13. g6 fxg6 14. Qxe5
Qxe5 15. Bxe5 Rf5 16. Bd6 Nd7 17. Rg1 Kf7 18. Nd2 e5 19. e4 Rf6 20. Bc7 Rc6 21.
Bd8 d4 22. Nf3 b5 23. Rg5 Bb7 24. Ba5 Re8 25. Kd2 Rf6 26. Ke2 Bxe4 0-1

[Event "57th World Juniors 2018"]
[Site "Manavgat TUR"]
[Date "2018.09.13"]
[Round "9.80"]
[White "Rajic, Ivan"]
[Black "Yaran, Siar"]
[Result "0-1"]
[BlackTitle "CM"]
[WhiteElo "2021"]
[BlackElo "2271"]
[WhiteFideId "14411377"]
[BlackFideId "6323006"]
[EventDate "2018.09.05"]

1. e4 c5 2. Nf3 Nf6 3. e5 Nd5 4. g3 Nc6 5. Bg2 e6 6. O-O Qc7 7. Re1 h6 8. c3 b6
9. d4 cxd4 10. cxd4 Bb7 11. a3 Be7 12. Nbd2 Rc8 13. Ne4 O-O 14. Bd2 Qb8 15. Rc1
Qa8 16. b4 f5 17. Nd6 Bxd6 18. exd6 Qb8 19. Ne5 Nxe5 20. dxe5 Rxc1 21. Bxc1 Nc3
22. Qh5 Bxg2 23. Kxg2 Kh7 24. Bd2 Qb7+ 25. Kg1 Nd5 26. Rc1 Qa6 27. Qf3 Rc8 28.
Rxc8 Qxc8 29. Qd3 g6 30. h3 Kg7 31. h4 a6 32. a4 h5 33. f3 Kf7 34. g4 Ke8 35.
gxh5 gxh5 36. Qe2 Kf7 37. Qg2 f4 38. Qg5 Qg8 39. Qxg8+ Kxg8 40. Kf2 Kf7 41. Ke2
Kg6 42. Kd3 Kf5 43. Kd4 Ne3 44. a5 bxa5 45. bxa5 Ng2 46. Kc5 Nxh4 47. Kb6 Nxf3
48. Kxa6 Nxd2 49. Kb5 f3 0-1

[Event "57th World Juniors 2018"]
[Site "Manavgat TUR"]
[Date "2018.09.13"]
[Round "9.81"]
[White "Maltezeanu, Stefan"]
[Black "Helander, Benjamin"]
[Result "1-0"]
[WhiteElo "2089"]
[BlackElo "1994"]
[WhiteFideId "4004655"]
[BlackFideId "514101"]
[EventDate "2018.09.05"]

1. e4 c6 2. d4 d5 3. Nc3 dxe4 4. Nxe4 Bf5 5. Ng3 Bg6 6. h4 h6 7. Nf3 Nd7 8. h5
Bh7 9. Bd3 Bxd3 10. Qxd3 e6 11. Bd2 Ngf6 12. O-O-O Be7 13. Kb1 Qb6 14. Ne4 Nxe4
15. Qxe4 Nf6 16. Qe2 O-O-O 17. c4 Kb8 18. Bc3 Bb4 19. Bxb4 Qxb4 20. Ne5 Qe7 21.
Rh3 Rd6 22. Rg3 Rg8 23. Rb3 Ka8 24. Rbd3 Rgd8 25. Qf3 Rf8 26. g4 Nd7 27. c5 Rd5
28. Nc4 f5 29. g5 hxg5 30. Ne3 g4 31. Nxd5 exd5 32. Qf4 Qe4 33. Qd6 Rf7 34. Qg6
Re7 35. a3 Nf6 36. h6 f4 37. Qg5 Nh7 38. hxg7 1-0

[Event "57th World Juniors 2018"]
[Site "Manavgat TUR"]
[Date "2018.09.14"]
[Round "10.1"]
[White "Maghsoodloo, Parham"]
[Black "Vavulin, Maksim"]
[Result "1-0"]
[WhiteTitle "GM"]
[BlackTitle "IM"]
[WhiteElo "2649"]
[BlackElo "2559"]
[WhiteFideId "12539929"]
[BlackFideId "4169530"]
[EventDate "2018.09.05"]

1. Nf3 c5 2. e4 d6 3. d4 Nf6 4. Nc3 cxd4 5. Nxd4 a6 6. h3 e5 7. Nde2 h5 8. Bg5
Be6 9. Bxf6 Qxf6 10. Nd5 Qd8 11. Qd3 g6 12. O-O-O Bh6+ 13. Kb1 Nd7 14. Qa3 Nc5
15. Nec3 O-O 16. h4 b5 17. f3 f5 18. Be2 Bg7 19. g4 hxg4 20. fxg4 fxg4 21. Rhg1
Rb8 22. Bxg4 Bf7 23. h5 gxh5 24. Bf5 Kh8 25. Ne2 Bh6 26. Qh3 Rg8 27. Rxg8+ Qxg8
28. Rg1 Qf8 29. Ng3 Rb7 30. Nf6 b4 31. Ngxh5 a5 32. Nh7 Bxa2+ 33. Kxa2 Rxh7 34.
Bxh7 Kxh7 35. Qg4 Qf7+ 36. Kb1 Ne6 37. Nf6+ 1-0

[Event "57th World Juniors 2018"]
[Site "Manavgat TUR"]
[Date "2018.09.14"]
[Round "10.2"]
[White "Puranik, Abhimanyu"]
[Black "Bai, Jinshi"]
[Result "1/2-1/2"]
[WhiteTitle "GM"]
[BlackTitle "GM"]
[WhiteElo "2524"]
[BlackElo "2556"]
[WhiteFideId "5061245"]
[BlackFideId "8602280"]
[EventDate "2018.09.05"]

1. e4 e5 2. Nf3 Nf6 3. d4 Nxe4 4. dxe5 d5 5. Nbd2 Nc5 6. Nb3 Ne6 7. Nbd4 Nxd4 8.
Nxd4 Bc5 9. Be3 O-O 10. Bd3 Bxd4 11. Bxd4 Nc6 12. Bc5 Re8 13. f4 Qh4+ 14. g3 Qh3
15. Bf1 Qf5 16. Bd3 Qh3 17. Bf1 Qf5 18. Bd3 1/2-1/2

[Event "57th World Juniors 2018"]
[Site "Manavgat TUR"]
[Date "2018.09.14"]
[Round "10.3"]
[White "Christiansen, Johan-Sebastian"]
[Black "Hakobyan, Aram"]
[Result "1/2-1/2"]
[WhiteTitle "IM"]
[BlackTitle "GM"]
[WhiteElo "2525"]
[BlackElo "2554"]
[WhiteFideId "1512668"]
[BlackFideId "13306677"]
[EventDate "2018.09.05"]

1. e4 e5 2. Nf3 Nc6 3. Bc4 Bc5 4. c3 Nf6 5. d3 a6 6. O-O d6 7. a4 h6 8. Re1 Ba7
9. Nbd2 g5 10. b4 Be6 11. Bxe6 fxe6 12. Nc4 g4 13. Nfd2 O-O 14. Nf1 h5 15. Be3
Bxe3 16. Nfxe3 d5 17. exd5 exd5 18. b5 axb5 19. axb5 Rxa1 20. Qxa1 dxc4 21. bxc6
bxc6 22. dxc4 h4 23. Nf5 Qd2 24. Qc1 Qxc1 25. Rxc1 h3 26. Ne7+ Kf7 27. Nxc6 e4
28. Ra1 Re8 29. Ra5 e3 30. Ne5+ Kg7 31. fxe3 Rd8 32. gxh3 gxh3 33. Kf2 Rd2+ 34.
Kg3 Re2 35. Kxh3 Rxe3+ 36. Kh4 Rxc3 37. Rc5 Ne8 38. Ng4 Kg6 39. Rg5+ Kf7 40.
Rf5+ Ke6 41. Re5+ Kf7 42. Rc5 Kg6 43. Ne5+ Kf5 44. h3 Nd6 45. Nf7+ Ke6 46. Ng5+
Kf6 47. Rxc7 Rxc4+ 48. Rxc4 Nxc4 49. Kh5 Ne3 50. Ne4+ Kf5 51. Nd6+ Kf4 52. Kg6
Kg3 53. Nf5+ Nxf5 54. Kxf5 Kxh3 55. Ke4 1/2-1/2

[Event "57th World Juniors 2018"]
[Site "Manavgat TUR"]
[Date "2018.09.14"]
[Round "10.4"]
[White "Gavrilescu, David"]
[Black "Esipenko, Andrey"]
[Result "0-1"]
[WhiteTitle "FM"]
[BlackTitle "GM"]
[WhiteElo "2470"]
[BlackElo "2593"]
[WhiteFideId "1227190"]
[BlackFideId "24175439"]
[EventDate "2018.09.05"]

1. e4 e5 2. Nf3 Nc6 3. Bc4 Nf6 4. d3 h6 5. O-O d6 6. c3 g5 7. Re1 Bg7 8. d4 O-O
9. h3 exd4 10. Nxd4 Nxe4 11. Nxc6 bxc6 12. Rxe4 d5 13. Re1 dxc4 14. Qa4 Re8 15.
Rd1 Qf6 16. Be3 Qg6 17. Qxc4 g4 18. h4 g3 19. Nd2 gxf2+ 20. Bxf2 Bh3 21. g3 Rab8
22. b3 Rbd8 23. Nf1 c5 24. Kh2 Bc8 25. Re1 Qf5 26. Kg1 Bb7 27. Nh2 Qd7 28. Rxe8+
Qxe8 29. Qa4 Qe6 30. Qc4 Qc6 0-1

[Event "57th World Juniors 2018"]
[Site "Manavgat TUR"]
[Date "2018.09.14"]
[Round "10.5"]
[White "Liang, Awonder"]
[Black "Lobanov, Sergei"]
[Result "0-1"]
[WhiteTitle "GM"]
[BlackTitle "IM"]
[WhiteElo "2575"]
[BlackElo "2535"]
[WhiteFideId "2056437"]
[BlackFideId "24183750"]
[EventDate "2018.09.05"]

1. e4 c5 2. Nf3 d6 3. Bb5+ Nd7 4. Ba4 Nf6 5. O-O a6 6. c4 g6 7. Nc3 Bg7 8. d3
O-O 9. h3 Rb8 10. Rb1 Ne8 11. Bg5 h6 12. Be3 Nc7 13. Qd2 Kh7 14. b4 b5 15. cxb5
axb5 16. Bc2 e5 17. Nh2 Ne6 18. bxc5 b4 19. Na4 dxc5 20. Bb3 Nd4 21. Bxd4 cxd4
22. f4 exf4 23. Rxf4 Ne5 24. Nb2 h5 25. Nf3 f5 26. Rf1 Nxf3+ 27. R4xf3 Bb7 28.
Nc4 Qe7 29. Nb6 fxe4 30. Rf7 Rxf7 31. Rxf7 e3 32. Rxe7 exd2 33. Nc4 Ba6 34. Nxd2
Bxd3 35. Nf3 Kh6 36. h4 Bf6 37. Rf7 Rb6 38. Rc7 Be4 39. Bg8 Rb7 40. Rc4 Kg7 41.
Be6 Re7 42. Bh3 Bxf3 43. gxf3 d3 0-1

[Event "57th World Juniors 2018"]
[Site "Manavgat TUR"]
[Date "2018.09.14"]
[Round "10.6"]
[White "Martirosyan, Haik M."]
[Black "Santos Ruiz, Miguel"]
[Result "1-0"]
[WhiteTitle "GM"]
[BlackTitle "GM"]
[WhiteElo "2597"]
[BlackElo "2524"]
[WhiteFideId "13306553"]
[BlackFideId "22291482"]
[EventDate "2018.09.05"]

1. e4 c5 2. Nf3 d6 3. d4 cxd4 4. Nxd4 Nf6 5. Nc3 a6 6. h3 b5 7. g4 Bb7 8. Bg2
Nc6 9. g5 Nd7 10. Nf5 b4 11. Ne2 Qc7 12. O-O e6 13. Nfg3 Be7 14. f4 O-O 15. b3
Rfe8 16. Bb2 e5 17. h4 exf4 18. Nxf4 Nce5 19. Nf5 Bf8 20. Ne3 a5 21. Qd2 Nb6 22.
c4 bxc3 23. Bxc3 a4 24. Rac1 Qd8 25. Bd4 Nc6 26. Bxb6 Qxb6 27. Nd5 Qd4 28. Qf2
Ne5 29. Nc7 Ba6 30. Rfd1 Nd3 31. Nxa6 Rxa6 32. Bf1 axb3 33. Rxd3 b2 34. Rb1 Qxe4
35. Rxb2 d5 36. Ng2 Rc6 37. Qf3 Qa4 38. Rb7 Rc1 39. Qxf7+ Kh8 40. Rf3 Bc5+ 41.
Kh1 1-0

[Event "57th World Juniors 2018"]
[Site "Manavgat TUR"]
[Date "2018.09.14"]
[Round "10.8"]
[White "Petrosyan, Manuel"]
[Black "Karthik, Venkataraman"]
[Result "1/2-1/2"]
[WhiteTitle "GM"]
[BlackTitle "IM"]
[WhiteElo "2581"]
[BlackElo "2519"]
[WhiteFideId "13300857"]
[BlackFideId "25006479"]
[EventDate "2018.09.05"]

1. Nf3 c5 2. c4 Nc6 3. Nc3 g6 4. e3 Nf6 5. d4 cxd4 6. exd4 d5 7. cxd5 Nxd5 8.
Bc4 Nb6 9. Bb3 Bg7 10. d5 Na5 11. O-O O-O 12. Re1 Bg4 13. Bg5 Re8 14. h3 Bxc3
15. bxc3 Nxb3 16. axb3 Bxf3 17. Qxf3 f6 18. Be3 Qxd5 19. Bxb6 Qxf3 20. gxf3 axb6
21. Rxa8 Rxa8 22. Rxe7 Ra3 23. b4 Rxc3 24. Rxb7 Rxf3 25. Kg2 Rf4 26. Rxb6 Kf7
27. Rb7+ Ke6 28. b5 Rb4 29. Rxh7 Rxb5 30. Ra7 g5 1/2-1/2

[Event "57th World Juniors 2018"]
[Site "Manavgat TUR"]
[Date "2018.09.14"]
[Round "10.9"]
[White "Tabatabaei, M.amin"]
[Black "Thybo, Jesper Sondergaard"]
[Result "1-0"]
[WhiteTitle "GM"]
[BlackTitle "IM"]
[WhiteElo "2576"]
[BlackElo "2499"]
[WhiteFideId "12521213"]
[BlackFideId "1438832"]
[EventDate "2018.09.05"]

1. Nf3 Nf6 2. c4 e6 3. b3 d5 4. Bb2 Be7 5. e3 O-O 6. Nc3 b6 7. Rg1 Bb7 8. g4
Nbd7 9. g5 Ne4 10. h4 Nxc3 11. Bxc3 Nc5 12. cxd5 Bxd5 13. Ne5 Ne4 14. Bd3 Nxc3
15. dxc3 Bd6 16. Ng4 Kh8 17. Bxh7 f5 18. Nf6 Rxf6 19. Qh5 Be5 20. O-O-O Qd6 21.
Bxf5+ Kg8 22. gxf6 Qa3+ 23. Kb1 Bxf6 24. Rxd5 exf5 25. Rd7 1-0